| 000 | 02202cam a22005534i 4500 | ||
|---|---|---|---|
| 003 | PE-LiUPU | ||
| 005 | 20250731170430.0 | ||
| 008 | 150623s1957 xxk r 000 0 eng d | ||
| 035 | _a(Sirsi) a25886 | ||
| 040 |
_aPE-LiUPU _bspa _cPE-LiUPU _erda |
||
| 082 | 0 | 4 |
_a170.1 _bL65 _221 |
| 100 | 1 |
_aLillie, William, _eautor. |
|
| 245 | 1 | 3 |
_aAn introduction to ethics / _cWilliam Lillie. |
| 250 | _aTercera edición. | ||
| 264 | 1 |
_aMethuen, London : _bUniversity Paperbacks, _c1957. |
|
| 300 |
_a342 páginas ; _c20 centímetros |
||
| 336 |
_atext _2rdacontent |
||
| 337 |
_aunmediated _2rdamedia |
||
| 338 |
_avolume _2rdacarrier |
||
| 490 | 0 |
_aUniversity Paperbacks ; _v31 |
|
| 505 | 0 | _aThe nature of ethics -- The psychology of moral action -- The development of morality --The psychology of the moral judgement -- The development of ethical theory -- Relative subjective and naturalistic theories of the moral standard -- The standard as given by intuition -- The standard as law -- The satandard as pleasure -- The standard as determined by evolution -- The standard as perfection -- The standard as value -- Theory and practice -- The individual and society -- Rights and duties -- Virtue. Ethics, metaphysics, and religion -- The language of ethics -- Suggestions for further reading. | |
| 526 | _aSEG68 | ||
| 526 | _aSEG70 | ||
| 526 | _aSEG69 | ||
| 526 | _aSEG67 | ||
| 526 | _aSEG43 | ||
| 526 | _aP144 | ||
| 526 | _aP143 | ||
| 526 | _aP131 | ||
| 526 | _aP122 | ||
| 526 | _aP120 | ||
| 526 | _aP117 | ||
| 526 | _aP112 | ||
| 526 | _aP110 | ||
| 526 | _aP106 | ||
| 526 | _aP101 | ||
| 526 | _aP80 | ||
| 526 | _aP59 | ||
| 526 | _aP54 | ||
| 526 | _aP35 | ||
| 526 | _aP33 | ||
| 526 | _aP30 | ||
| 650 | 1 | 4 |
_aÉtica _xIntroducciones |
| 942 |
_2ddc _cBOOK |
||
| 949 |
_a170.1 L65 _wDEWEY _c1 _i51156 _lCCODEBUL1 _mBUL _p10.00 _r0 _sY _tBOOK _u2015-06-24 _xTEOLOGIA _PP35 _0COMPRA _o.STAFF. Colección Teología |
||
| 596 | _a1 | ||
| 999 |
_a170.1 L65 _wDEWEY _c32856 _i51156 _f2021-11-9 _g5 _lCCODEBUL1 _mBUL _p10.00 _r0 _sY _tBOOK _u2015-6-24 _xTEOLOGIA _PP35 _0COMPRA _o.STAFF. Colección Teología _d32856 |
||
| 980 |
_81 _gALBERTO SANCHEZ Responsable de Automatización |
||